000 00596nam a2200193 a 4500
001 000042799
005 20201002040415.0
008 140210s1994 sp 000 0 spa d
020 _a8440644973
040 _aDO-SdBNP
_bspa
_cBNPHU
082 _axxx
_bxxx
100 1 _aZamora, Francisco
_970142
245 1 0 _aCómo ser negro y no morir en Aravaca /
_cFrancisco Zamora.
260 _aBarcelona :
_bEdiciones B,
_c1994.
300 _a172 p. ;
_c22 cm.
490 1 _aDolce vita
_v65
500 _aIncluye datos biográficos del autor en la solapa de la cubierta
830 0 _aDolce vita
_n65
_970143
999 _c42288
_d42288